LEADER 00883nam a2200217 i 4500 001 000000020161 003 CaOOAMICUS 005 20260605163657.0 008 180830s2006 it d u000 u ita u 040 $aSeMil$bita 100 1 $aCoda, Piero,$d<1955- >.$0(OLS)http://semarc/name/325 245 13$aIl Cristianesimo :$bgrande dizionario /$cdi Piero Coda, Giovanni Filoramo. 264 1$aTorino :$bUTET,$c2006. 300 $a2 v. :$bill ;$c33 cm. 650 4$aCristianesimo - Enciclopedie e dizionari.$0(OLS)http://semarc/subject/163 700 1 $aFiloramo, Giovanni,$d<1945- >.$0(OLS)http://semarc/name/1371 774 0 $t1: A-K.$z88-02-07399-6$g1$w()172202 774 0 $t2: L-Z.$z88-02-07400-3$g2$w()175092 996 $6245$aIl Cristianesimo :$bgrande dizionario$9(OLS)http://semarc/title/26550 996 $6264$aTorino :$bUTET$9(OLS)http://semarc/publisher/29621